[Event "Hastings Masters op"]
[Site "Hastings"]
[Date "2024.01.01"]
[Round "5"]
[White "Boggarapu, Kritan"]
[Black "Han, Qixuan"]
[Result "1-0"]
[WhiteElo "1857"]
[BlackElo "1603"]
[PlyCount "117"]
[EventDate "2023.12.28"]
[EventType "swiss"]
[EventRounds "9"]
[EventCountry "ENG"]
[SourceTitle "CB02_2024"]
[SourceDate "2024.01.10"]
[SourceVersion "1"]
[SourceVersionDate "2024.01.10"]
[SourceQuality "1"]

1. e4 c5 2. Nf3 d6 3. d4 cxd4 4. Nxd4 Nf6 5. Nc3 g6 6. Be3 Nc6 7. f3 h5 8. Qd2 Nxd4 9. Bxd4 Bh6 10. Be3 Bxe3 11. Qxe3 Be6 12. 0-0-0 Qa5 13. Kb1 Rc8 14. a3 a6 15. Qd4 0-0 16. Nd5 Nxd5 17. exd5 Bf5 18. Bd3 Bxd3 19. Rxd3 Qc5 20. Qxc5 Rxc5 21. Re1 Rfc8 22. c3 Kf8 23. Re4 Rc4 24. Rdd4 Rxd4 25. Rxd4 Rd8 26. Rc4 Rd7 27. Rc8+ Kg7 28. Kc2 Kf6 29. Kd3 Ke5 30. c4 e6 31. dxe6 fxe6 32. Rf8 d5 33. f4+ Kd6 34. Rg8 Rf7 35. cxd5 exd5 36. Rxg6+ Kc5 37. g3 h4 38. Rg4 hxg3 39. hxg3 a5 40. Rg5 a4 41. Re5 Rg7 42. Re3 Rg6 43. f5 Rb6 44. Kc2 Kd4 45. Rf3 Rf6 46. Kd2 Ke4 47. Rf4+ Ke5 48. Kd3 b6 49. Rf3 d4 50. g4 b5 51. g5 Rf8 52. f6 Ke6 53. g6 b4 54. axb4 a3 55. bxa3 Ra8 56. Kxd4 Rd8+ 57. Ke4 Rh8 58. f7 Rh4+ 59. Rf4 1-0

[Event "Daventry 4NCL Easter op-B 3rd"]
[Site "Daventry"]
[Date "2023.04.10"]
[Round "7"]
[White "Vaidyanathan, Adithya"]
[Black "Han, Qixuan"]
[Result "1-0"]
[WhiteElo "1387"]
[BlackElo "1330"]
[PlyCount "117"]
[EventDate "2023.04.07"]
[EventType "swiss"]
[EventRounds "7"]
[EventCountry "ENG"]
[SourceTitle "EXT 2024"]
[Source "ChessBase"]
[SourceDate "2023.10.10"]
[SourceVersion "1"]
[SourceVersionDate "2023.10.10"]
[SourceQuality "1"]

1. Nf3 Nf6 2. d4 d5 3. c4 c6 4. cxd5 cxd5 5. Bf4 e6 6. Nc3 Bd6 7. Bg5 h6 8. Bh4 0-0 9. e3 b6 10. Bd3 Ba6 11. Bxa6 Nxa6 12. Ne5 Rc8 13. 0-0 Be7 14. f4 Ne4 15. Bxe7 Qxe7 16. Nxe4 dxe4 17. a3 Nc7 18. Qb1 Nd5 19. Qxe4 Rc7 20. Qd3 Rfc8 21. e4 Nf6 22. Rad1 Rc2 23. b4 R8c3 24. Qa6 Nxe4 25. Rd3 Rc1 26. Rxc3 Rxf1+ 27. Kxf1 Nxc3 28. Qc8+ Kh7 29. Qxc3 Qh4 30. Qg3 Qh5 31. Ke1 Qf5 32. Qd3 Qxd3 33. Nxd3 Kg6 34. g3 Kf5 35. Ne5 Ke4 36. Nxf7 Kxd4 37. Kd2 a5 38. bxa5 bxa5 39. Nd8 Kd5 40. Kd3 g5 41. fxg5 hxg5 42. Nf7 g4 43. Nh6 e5 44. Nxg4 e4+ 45. Kc3 Ke6 46. Kd4 Kf5 47. Ne3+ Kg5 48. Kxe4 Kh5 49. Kf5 Kh6 50. Kf6 Kh5 51. h4 Kh6 52. g4 Kh7 53. Kf7 Kh6 54. Nf5+ Kh7 55. g5 Kh8 56. h5 Kh7 57. g6+ Kh8 58. g7+ Kh7 59. g8Q# 1-0

[Event "Berks & Bucks Challengers op"]
[Site "Maidenhead"]
[Date "2022.08.28"]
[Round "3"]
[White "Han, Qixuan"]
[Black "Neenan, Henry"]
[Result "1-0"]
[WhiteElo "1489"]
[BlackElo "1390"]
[PlyCount "59"]
[EventDate "2022.08.27"]
[EventType "swiss"]
[EventRounds "6"]
[EventCountry "ENG"]
[SourceTitle "EXT 2023"]
[Source "ChessBase"]
[SourceDate "2022.10.05"]
[SourceVersion "1"]
[SourceVersionDate "2022.10.05"]
[SourceQuality "1"]

1. d4 Nf6 2. c4 e6 3. g3 Bb4+ 4. Bd2 Qe7 5. a3 Bxd2+ 6. Nxd2 0-0 7. Bg2 d6 8. Ngf3 Nc6 9. 0-0 e5 10. e3 e4 11. Ng5 Bf5 12. Qc2 Rfe8 13. Qb3 Qd7 14. Qc2 Qe7 15. Qb3 h6 16. Nh3 Qd7 17. Nf4 g5 18. Ne2 Bh3 19. f3 Bxg2 20. Kxg2 exf3+ 21. Rxf3 Ne4 22. Nxe4 Rxe4 23. Raf1 Rae8 24. Qd3 Nd8 25. Nc3 f5 26. Nd5 Kg7 27. Rxf5 R4e6 28. Nf6 Rxe3 29. Qxe3 Qxf5 30. Nxe8+ 1-0

[Event "Berks & Bucks Challengers op"]
[Site "Maidenhead"]
[Date "2022.08.27"]
[Round "1"]
[White "Sachdeva, Ronit"]
[Black "Han, Qixuan"]
[Result "1-0"]
[WhiteElo "1716"]
[BlackElo "1489"]
[PlyCount "137"]
[EventDate "2022.08.27"]
[EventType "swiss"]
[EventRounds "6"]
[EventCountry "ENG"]
[SourceTitle "EXT 2023"]
[Source "ChessBase"]
[SourceDate "2022.10.05"]
[SourceVersion "1"]
[SourceVersionDate "2022.10.05"]
[SourceQuality "1"]

1. e4 e6 2. d4 d5 3. Nc3 Bb4 4. e5 c5 5. a3 Bxc3+ 6. bxc3 Ne7 7. f4 Nbc6 8. Nf3 Qa5 9. Bd2 c4 10. Be2 Bd7 11. 0-0 Nf5 12. Kh1 h5 13. Ng5 h4 14. Rf3 f6 15. Nh3 0-0-0 16. Qc1 Rdg8 17. Qb2 Qd8 18. Qc1 Rh7 19. Rf2 Qe7 20. Bg4 g6 21. Bxf5 gxf5 22. exf6 Qxf6 23. Ng5 Rhg7 24. Rf3 Nd8 25. Be1 Rh8 26. Rh3 Nf7 27. Bxh4 Qg6 28. Qd2 Nd6 29. Re1 Ne4 30. Nxe4 fxe4 31. Rg3 Qh7 32. Rxg7 Qxg7 33. Qf2 Qg4 34. Bg3 Ba4 35. Kg1 Qg7 36. f5 Rf8 37. Qf4 Qe7 38. Qb8+ Kd7 39. Qxb7+ Ke8 40. Qc8+ Kf7 41. fxe6+ Kg8 42. Qa6 Qe8 43. e7 Rf5 44. Qe6+ Qf7 45. Qxf7+ Kxf7 46. Bd6 Bxc2 47. Rf1 Rxf1+ 48. Kxf1 Ba4 49. h4 Kg6 50. g4 Bd7 51. Kg2 Kf6 52. Kg3 Ke6 53. Bc5 a6 54. h5 Kf7 55. g5 Kg7 56. Bd6 Kf7 57. g6+ Kf6 58. Be5+ Kxe7 59. h6 Be8 60. h7 Bxg6 61. h8Q a5 62. Qf6+ Kd7 63. Qd6+ Ke8 64. Qxg6+ Ke7 65. Qd6+ Kf7 66. Qd7+ Kf8 67. Bf6 a4 68. Qe7+ Kg8 69. Qg7# 1-0

[Event "Hammersmith CC op U2000"]
[Site "London"]
[Date "2022.06.05"]
[Round "5"]
[White "Morris, Simon"]
[Black "Han, Qixuan"]
[Result "1/2-1/2"]
[WhiteElo "1559"]
[BlackElo "1497"]
[PlyCount "62"]
[EventDate "2022.06.04"]
[EventType "swiss"]
[EventRounds "5"]
[EventCountry "ENG"]
[SourceTitle "CBM 208 Extra"]
[Source "ChessBase"]
[SourceDate "2022.07.31"]
[SourceVersion "1"]
[SourceVersionDate "2022.07.31"]
[SourceQuality "1"]

1. e4 e6 2. d4 d5 3. Nd2 c5 4. Ngf3 Nc6 5. exd5 Qxd5 6. Bc4 Qd8 7. dxc5 Bxc5 8. 0-0 Nf6 9. Nb3 Bd6 10. Bg5 Be7 11. Qe2 0-0 12. Rad1 Qc7 13. Rd2 b6 14. Rfd1 Rd8 15. Bh4 Rxd2 16. Rxd2 Ne8 17. Bg3 Bd6 18. Bxd6 Nxd6 19. Bd3 h6 20. c3 Bb7 21. Qd1 Ne8 22. Bc2 Nf6 23. h3 Rd8 24. Rxd8+ Qxd8 25. Qxd8+ Nxd8 26. Nbd4 Nc6 27. Kf1 Kf8 28. Bd3 Ke7 29. g3 Kd6 30. Nb5+ Kd7 31. Nbd4 Kd6 1/2-1/2